Nr. 1 Hits in Deutschland 1990 - Statistiken

Allgemein
  • Dieses Quiz wurde 66 mal gespielt
  • Das Durchschnittsergebnis liegt bei 3 aus 7
Antwortstatistiken
Wochen auf Platz 1 Lied Interpret % Korrekt
16 Wochen Verdammt, ich lieb’ Dich Matthias Reim
98%
10 Wochen Another Day in Paradise Phil Collins
80%
11 Wochen Nothing Compares 2 U Sinéad O’Connor
75%
9 Wochen Sadeness (Part I) Enigma
33%
7 Wochen Tom’s Diner DNA & Suzanne Vega
25%
2 Wochen I’ve Been Thinking About You Londonbeat
18%
3 Wochen Pump ab das Bier Werner Wichtig
16%
Keine übereinstimmenden Quizze gefunden
Verteilung der Resultate
Anzahl Personen mit jedem Resultat
Perzentil nach korrekt beantworteten Fragen
Ihre Resultats-Entwicklung
Sie haben dieses Quiz noch nicht gespielt